Taking the wind out of their sales (Record no. 117123)

MARC details
000 -LEADER
fixed length control field 01524cam a2200241 4500
001 - CONTROL NUMBER
control field X125527
008 - FIXED-LENGTH DATA ELEMENTS--GENERAL INFORMATION
fixed length control field 040323n2004 000 0 eng u
035 ## - SYSTEM CONTROL NUMBER
System control number (Sirsi) u125527
100 ## - MAIN ENTRY--PERSONAL NAME
Personal name Hansford, M.
245 ## - TITLE STATEMENT
Title Taking the wind out of their sales
260 ## - PUBLICATION, DISTRIBUTION, ETC.
Date of publication, distribution, etc. 2004
490 ## - SERIES STATEMENT
Series statement New Civil Engineer
Volume/sequential designation (1516) 29 January 2004, 13(1)
520 ## - SUMMARY, ETC.
Summary, etc. Both Britain and Ireland have a similar power grid set-up, being stand-alone islands with limited interconnection with neighbouring European grids and attempting to support bold targets for renewable energy. On 4 December 2004, the Irish electricity regulator placed a moratorium on new connection licences for wind generators with immediate effect. The moratorium was placed following urgent warnings from the Irish grid operator, ESB National Grid, that a recent rapid rise in the amount of wind generation proposed for connection to the power system posed an increased risk to the security and stability of the power system which exceeds the level normally likely to be accepted by a prudent system operator. ESB wants a number of technical issues resolved, such as the intermittent nature of wind as an energy source. Potential problems have arisen earlier in Ireland than in Britain because of the small size of the Irish power generation.
590 ## - LOCAL NOTE (RLIN)
Local note ABS
590 ## - LOCAL NOTE (RLIN)
Local note ABS
650 ## - SUBJECT ADDED ENTRY--TOPICAL TERM
Topical term or geographic name entry element IRELAND
650 ## - SUBJECT ADDED ENTRY--TOPICAL TERM
Topical term or geographic name entry element NATIONAL GRID
650 ## - SUBJECT ADDED ENTRY--TOPICAL TERM
Topical term or geographic name entry element POWER GENERATION
650 ## - SUBJECT ADDED ENTRY--TOPICAL TERM
Topical term or geographic name entry element WIND POWER
650 ## - SUBJECT ADDED ENTRY--TOPICAL TERM
Topical term or geographic name entry element RENEWABLE ENERGY
690 ## - LOCAL SUBJECT ADDED ENTRY--TOPICAL TERM (OCLC, RLIN)
Topical term or geographic name as entry element ENERGY
9 (RLIN) 6237
942 ## - ADDED ENTRY ELEMENTS (KOHA)
Suppress in OPAC 0
Holdings
Withdrawn status Lost status Source of classification or shelving scheme Damaged status Not for loan Home library Current library Shelving location Date acquired Total Checkouts Full call number Barcode Date last seen Copy number Price effective from Koha item type
    Dewey Decimal Classification     London London Journal article 23/03/2004   X125527 125527-1001 06/08/2019 1 06/08/2019 Journal article